The Penguin dictionary of british natural history
Uloženo v:
| Hlavní autor: | |
|---|---|
| Médium: | Kniha |
| Jazyk: | angličtina |
| Vydáno: |
Londres
Penguin Books
1967
|
| Edice: | Penguin Reference Books, 21
|
| Témata: | |
| Tagy: |
Přidat tag
Žádné tagy, Buďte první, kdo vytvoří štítek k tomuto záznamu!
|
MARC
| LEADER | 00000nam a2200000 a 4500 | ||
|---|---|---|---|
| 001 | UCU3412 | ||
| 003 | CL-VaPUC | ||
| 008 | 960510e19670000UK |||||||||||||||||eng|d | ||
| 082 | 0 | 4 | |a 508 |b FIT |2 21 |
| 100 | 0 | |a Fitter, Richard |e author |9 360340 | |
| 245 | 1 | 4 | |a The Penguin dictionary of british natural history |
| 300 | |a 348 p | ||
| 942 | |c BK | ||
| 945 | |d 19960510 00:00:00 |a rleighto | ||
| 260 | |a Londres |b Penguin Books |c 1967 | ||
| 650 | 0 | |a Historia natural |9 268584 | |
| 650 | 0 | |a Diccionarios |9 256200 | |
| 583 | |a last modification |c 19960510 00:00:00 |k Rodrigo Vera | ||
| 490 | 0 | |a Penguin Reference Books, 21 | |
| 999 | |c 247430 |d 247428 | ||
| 952 | |0 0 |1 0 |2 ddc |4 0 |6 508_000000000000000_FIT_1967 |7 0 |8 A |9 263327 |a BIBCUR |b BIBCUR |c PAC |d 2019-11-19 |i 3198235 |o 508 FIT 1967 |p 3198235 |r 2025-04-22 |w 2019-11-19 |y BK |k BCB | ||